Random Words in Russian #3 - Statistics

General Stats
  • This quiz has been taken 164 times
  • The average score is 9 of 17
Answer Stats
Russian Transliteration English % Correct
Никогда Nikogda Never
84%
Вьетнам V'etnam Vietnam
82%
Лето Leto Summer
76%
Девять Devyat' Nine
71%
Родители Roditeli Parents
70%
Деньги Den'gi Money
68%
Последний Posledniy Last
63%
Готовить Gotovit' To cook
58%
О о About
46%
Получить Poluchit' Receive
44%
Бояться Boyat'sya To be afraid
44%
Безумный Bezumniy Mad
37%
Ум Um Mind
37%
Смеяться Smeyat'sya To laugh
27%
Учебник Uchebnik Textbook
25%
беспокоиться Bespokoit'sya To worry
14%
Беда Beda Trouble
9%
No matching quizzes found
Score Distribution
Percent of People with Each Score
Percentile by Number Answered
Your Score History
You have not taken this quiz